Datum a čas kvízu
24.5
Celkem bodů
Celkový počet nahraných bodů na tomto kvízu bez doplňovacích otázek.
7.
Pořadí na kvízu
Konečné umístění týmu na tomto kvízu.
Zaznamenané odpovědi
| # | Otázka | Odpověď | Body | Výsledky |
|---|---|---|---|---|
| 1. | Petr Pavel si jako první český... | Jana Vohralíková, Markéta Řeháková | 0.5 | |
| 2. | Jedna z největších evropských... | Itálie | 0 | |
| 3. | Takovou party ještě strašnické... | Petr Hošek | 0 | |
| 4. | Letošní celonárodní akci Suche... | umění | 0 | |
| 5. | Ve čtvrtek měl premiéru další... | Zlatan Ibrahimović, Tomáš Ujfaluši | 0 | |
| 6. | Nyní se zaměříme na umělce a j... | Josef Toufar | 1 | |
| 7. | Postava francouzského malíře P... | B) šimpanz | 0 | |
| 8. | Za kontroverzní byl ve své dob... | Édouard Manet, Snídaně v trávě | 0.5 | |
| 9. | Fotografie amerického umělce A... | (Serranova) moč | 0 | |
| 10. | V poslední otázce se vrátíme k... | Entropa | 1 |